Business Organisation and Management (Record no. 11761)

MARC details
000 -LEADER
fixed length control field 00440nam a22001817a 4500
003 - CONTROL NUMBER IDENTIFIER
control field OSt
008 - FIXED-LENGTH DATA ELEMENTS--GENERAL INFORMATION
fixed length control field 230127b ||||| |||| 00| 0 eng d
020 ## - INTERNATIONAL STANDARD BOOK NUMBER
International Standard Book Number 9788131716342
082 ## - DEWEY DECIMAL CLASSIFICATION NUMBER
Classification number 658 TUB
100 ## - MAIN ENTRY--PERSONAL NAME
Personal name TULSIAN,PC
245 ## - TITLE STATEMENT
Title Business Organisation and Management
250 ## - EDITION STATEMENT
Edition statement Ed
260 ## - PUBLICATION, DISTRIBUTION, ETC. (IMPRINT)
Place of publication, distribution, etc UP
Name of publisher, distributor, etc Pearson
Date of publication, distribution, etc 2008
300 ## - PHYSICAL DESCRIPTION
Extent MISC
650 ## - SUBJECT ADDED ENTRY--TOPICAL TERM
Topical term or geographic name as entry element Business Organisation and Management
700 ## - ADDED ENTRY--PERSONAL NAME
Personal name PANDEY,Vishal
942 ## - ADDED ENTRY ELEMENTS (KOHA)
Source of classification or shelving scheme Dewey Decimal Classification
Koha item type Reference Books
Holdings
Withdrawn status Lost status Source of classification or shelving scheme Damaged status Not for loan Collection code Home library Current library Date acquired Source of acquisition Currency Cost, normal purchase price Bill Number Total Checkouts Full call number Acc. no. / Barcode Date last seen Actual Cost, discounted price Bill Date Koha item type Date last borrowed
    Dewey Decimal Classification     MBA PIET C-LIBRARY PIET C-LIBRARY 28/12/2022 International Book Centre IN Rupees 650.00 IB/IN/927   658.4 TUB 34428 27/01/2023 448.50 28/12/2022 Text Books  
    Dewey Decimal Classification     MBA PIET C-LIBRARY PIET C-LIBRARY 15/03/2023 International Book Centre IN RUPEES 715.00 IB/IN/1299 1 658.4 TUB 34747 14/02/2026 500.50 15/03/2023 Text Books 14/07/2025

Design & Developed by: PIET Central Library
R70 Miles Stone Pattikalyana Samalkha Panipat 132102
mail ID :- [email protected], Phone No:- 0180-2569700 Ex.216